Informatics in Schools. Curricula, Competences, and Competitions 8th International Conference on Informatics in Schools: Situation, Evolution, and Perspectives, ISSEP 2015, Ljubljana, Slovenia, September 28 - October 1, 2015, Proceedings /

This book constitutes the refereed proceedings of the 8th International Conference on Informatics in Schools: Situation, Evolution, and Perspectives, ISSEP 2015, held in Ljubljana, Slovenia, in September/October 2015. The 14 full papers presented together with 3 invited talks were carefully reviewed...

Πλήρης περιγραφή

Λεπτομέρειες βιβλιογραφικής εγγραφής
Συγγραφή απο Οργανισμό/Αρχή: SpringerLink (Online service)
Άλλοι συγγραφείς: Brodnik, Andrej (Επιμελητής έκδοσης), Vahrenhold, Jan (Επιμελητής έκδοσης)
Μορφή: Ηλεκτρονική πηγή Ηλ. βιβλίο
Γλώσσα:English
Έκδοση: Cham : Springer International Publishing : Imprint: Springer, 2015.
Έκδοση:1st ed. 2015.
Σειρά:Lecture Notes in Computer Science, 9378
Θέματα:
Διαθέσιμο Online:Full Text via HEAL-Link
LEADER 02844nam a22005535i 4500
001 978-3-319-25396-1
003 DE-He213
005 20151218141006.0
007 cr nn 008mamaa
008 150923s2015 gw | s |||| 0|eng d
020 |a 9783319253961  |9 978-3-319-25396-1 
024 7 |a 10.1007/978-3-319-25396-1  |2 doi 
040 |d GrThAP 
050 4 |a LB1028.43-1028.75 
072 7 |a JNV  |2 bicssc 
072 7 |a EDU039000  |2 bisacsh 
072 7 |a COM023000  |2 bisacsh 
082 0 4 |a 374.26  |2 23 
245 1 0 |a Informatics in Schools. Curricula, Competences, and Competitions  |h [electronic resource] :  |b 8th International Conference on Informatics in Schools: Situation, Evolution, and Perspectives, ISSEP 2015, Ljubljana, Slovenia, September 28 - October 1, 2015, Proceedings /  |c edited by Andrej Brodnik, Jan Vahrenhold. 
250 |a 1st ed. 2015. 
264 1 |a Cham :  |b Springer International Publishing :  |b Imprint: Springer,  |c 2015. 
300 |a XVI, 183 p. 35 illus. in color.  |b online resource. 
336 |a text  |b txt  |2 rdacontent 
337 |a computer  |b c  |2 rdamedia 
338 |a online resource  |b cr  |2 rdacarrier 
347 |a text file  |b PDF  |2 rda 
490 1 |a Lecture Notes in Computer Science,  |x 0302-9743 ;  |v 9378 
520 |a This book constitutes the refereed proceedings of the 8th International Conference on Informatics in Schools: Situation, Evolution, and Perspectives, ISSEP 2015, held in Ljubljana, Slovenia, in September/October 2015. The 14 full papers presented together with 3 invited talks were carefully reviewed and selected from 36 submissions. The focus of the conference was on following topics: sustainable education in informatics for pupils of all ages; connecting informatics lessons to the students’ everyday lives; teacher education in informatics; and research on informatics in schools (empirical/qualitative/quantitative/theory building/research methods/comparative studies/transferability of methods and results from other disciplines). 
650 0 |a Computer science. 
650 0 |a Education  |x Data processing. 
650 0 |a Computers and civilization. 
650 0 |a Personal computers. 
650 0 |a Science education. 
650 1 4 |a Computer Science. 
650 2 4 |a Computers and Education. 
650 2 4 |a Science Education. 
650 2 4 |a Computers and Society. 
650 2 4 |a Personal Computing. 
650 2 4 |a Learning & Instruction. 
700 1 |a Brodnik, Andrej.  |e editor. 
700 1 |a Vahrenhold, Jan.  |e editor. 
710 2 |a SpringerLink (Online service) 
773 0 |t Springer eBooks 
776 0 8 |i Printed edition:  |z 9783319253954 
830 0 |a Lecture Notes in Computer Science,  |x 0302-9743 ;  |v 9378 
856 4 0 |u http://dx.doi.org/10.1007/978-3-319-25396-1  |z Full Text via HEAL-Link 
912 |a ZDB-2-SCS 
912 |a ZDB-2-LNC 
950 |a Computer Science (Springer-11645)